El Debat de la insubmissió / Col·lectiu Cristià per la Insubmissió
ISBN:
84-88341-78-4
Descripción Física:
32 p. ; 21 cm
Colección:
Col·lecció Cristianisme i Justícia ; 71
MARC
| LEADER | 00000nam a2200000Ia 4500 | ||
|---|---|---|---|
| 001 | 11393 | ||
| 008 | 160829s9999 xx 000 0 cat d | ||
| 020 | |a 84-88341-78-4 | ||
| 080 | |a FU-12-82 | ||
| 100 | |a Col·lectiu Cristià per la Insubmissió |9 32885 | ||
| 245 | |a El Debat de la insubmissió / Col·lectiu Cristià per la Insubmissió | ||
| 260 | |a Barcelona : |b Cristianisme i Justícia, DL 1996 | ||
| 300 | |a 32 p. ; |c 21 cm | ||
| 490 | |a Col·lecció Cristianisme i Justícia ; 71 | ||
| 650 | 0 | |a Objecció de consciència |9 46124 | |
| 650 | |a Servei militar obligatori |9 32887 | ||
| 901 | |a Arxiu | ||
| 942 | |n 1 | ||
| 952 | |0 0 |1 0 |4 0 |6 FU1282 |7 1 |9 46135 |a Arxiu |b Arxiu |d 2016-12-01 |l 0 |o FU-12-82 |p 11393 |r 2016-12-01 00:00:00 |w 2016-12-01 |y ARXIU | ||
| 999 | |c 49637 |d 49637 | ||